El pentateuco

Gorde:
Xehetasun bibliografikoak
Egile nagusia: Sicre Díaz, José Luis (Egilea)
Formatua: Liburua
Hizkuntza:gaztelania
Argitaratua: Buenos Aires San Benito 2004
Edizioa:1a. ed
Saila:Biblioteca de Autores Cristianos
Gaiak:
Etiketak: Etiketa erantsi
Etiketarik gabe, Izan zaitez lehena erregistro honi etiketa jartzen!

MARC

LEADER 00000nam a2200000 a 4500
001 UCK6475
003 CL-VaPUC
008 050930e20040700AG |||||||||||||||||spa|d
020 |a 9871177038 
082 0 4 |a 222.1  |b SIC  |2 21 
100 0 |a Sicre Díaz, José Luis  |e author  |9 495801 
245 1 3 |a El pentateuco 
250 |a 1a. ed 
300 |a 255 p 
942 |c BK 
945 |d 20050930 00:00:00  |a jcarroza 
260 |a Buenos Aires  |b San Benito  |c 2004 
650 0 |a Biblia  |9 257603 
650 0 |a Antiguo testamento   |9 313678 
650 0 |a Pentateuco  |9 314343 
583 |a last modification  |c 20050930 00:00:00  |k Rodrigo Vera 
490 0 |a Biblioteca de Autores Cristianos 
999 |c 314759  |d 314757 
952 |0 0  |1 2  |4 0  |6 222_100000000000000_SIC_2004  |7 0  |8 A  |9 387476  |a BIBTEO  |b BIBTEO  |d 2019-11-22  |i 416931K  |o 222.1 SIC 2004  |p 416931K  |r 2019-11-22  |w 2019-11-22  |y BK  |k ICR 
952 |0 0  |1 0  |4 0  |6 222_100000000000000_SIC_2004  |7 0  |8 A  |9 387477  |a BIBTEO  |b BIBTEO  |d 2019-11-22  |i 4266706  |l 5  |m 1  |o 222.1 SIC 2004  |p 4266706  |r 2025-01-17  |s 2022-12-14  |w 2019-11-22  |y BK  |k ICR 
952 |0 0  |1 0  |4 0  |6 222_100000000000000_SIC_2004  |7 0  |8 A  |9 387478  |a BIBTEO  |b BIBTEO  |d 2019-11-22  |i 4266714  |l 3  |o 222.1 SIC 2004  |p 4266714  |r 2025-01-17  |s 2023-12-04  |w 2019-11-22  |y BK  |k ICR